| 000 | 01186nam a2200229Ia 4500 | ||
|---|---|---|---|
| 001 | L240-13031 | ||
| 003 | IT-CnALBA | ||
| 008 | 170116s9999||||xx |||||||||||||| ||und|| | ||
| 040 |
_aIT-CnALBA _cIT-CnALBA |
||
| 041 | _aITALIANO | ||
| 100 | _aALZIN JOSSE | ||
| 245 | 0 | _aL'ORA DEL SACERDOTE. MEDITAZIONI SACERDOTALI. | |
| 250 | _a2a ed. | ||
| 260 |
_a MILANO BOLOGNA _bANCORA EDITRICE _c1958 [1° Ed.: n.d.] |
||
| 300 | _a307 p. (prefazione: 7) | ||
| 500 | _aPOVERTÀ DI UN UOMO. IL PADRE DEL PRETE. FRATELLI. SACERDOTE DI OGGI. AUTOCONOSCENZA. VIRTÙ PERICOLI. CROCI. TEOLOGIA. CHIAMATA E RISPOSTA. DISPONIBILITÀ. POVERTÀ. AMORE. ORA DEI SANTI. LIBERATORE. FRATELLO MAGGIORE E PADRE. AMORE DEI PICCOLI. | ||
| 501 | _aSocietà San Paolo EM - Piazza San Paolo, 14 - 12051 ALBA (CN) (non commercial uses only) ® Copyright 2017 | ||
| 520 | _aPOVERTÀ DI UN UOMO. IL PADRE DEL PRETE. FRATELLI. SACERDOTE DI OGGI. AUTOCONOSCENZA. VIRTÙ PERICOLI. CROCI. TEOLOGIA. CHIAMATA E RISPOSTA. DISPONIBILITÀ. POVERTÀ. AMORE. ORA DEI SANTI. LIBERATORE. FRATELLO MAGGIORE E PADRE. AMORE DEI PICCOLI. | ||
| 650 | _aTEOLOGIA SPIRITUALE CRISTIANA | ||
| 942 | _cBK | ||
| 957 | _71 | ||
| 999 |
_a17784 _bNO _g Copie: 1 _c272207 _d272207 |
||